Red hat linux 7.X (Record no. 138926)

000 -LEADER
fixed length control field 00245nmm a2200097Ia 4500
008 - FIXED-LENGTH DATA ELEMENTS--GENERAL INFORMATION
fixed length control field 220120s9999||||xx |||||||||||||||||und||
082 ## - DEWEY DECIMAL CLASSIFICATION NUMBER
Classification number 00 5,43 NEG
100 ## - MAIN ENTRY--PERSONAL NAME
Personal name Nagus, Christopher
9 (RLIN) 1987
245 #0 - TITLE STATEMENT
Title Red hat linux 7.X
260 ## - PUBLICATION, DISTRIBUTION, ETC.
Name of publisher, distributor, etc. New Delhi
Date of publication, distribution, etc. 2001
Holdings
Withdrawn status Lost status Damaged status Not for loan Home library Current library Date acquired Barcode Date last seen Price effective from Koha item type
        Central Library Central Library 01/20/2022 CD477 01/20/2022 01/20/2022 Compact Disc

Powered by Koha